000
00317nam a2200133Ia 4500
008
191201s2019 xx 000 0 und d
082
_a
677.02825
_b
PRT
100
_a
PRAYAG, R S
245
0
_a
Textile Finishing
260
_a
N.Delhi
_b
Abhishek Publications
300
_a
152
650
_a
B.Tech(TE)
942
_2
ddc
_c
BK
999
_c
2263
_d
2263